000 00926nam a2200289Ia 4500
003 OSt
005 20260324145339.0
008 220909b |||||||| |||| 00| 0 eng d
020 _a 0721603769
037 _cReference
040 _aCSL
_beng
_cCSL
041 _aeng
084 _aL6 M9;P6.3;1 RR
_qCSL
245 0 _aEndocrinology
250 _a5
260 _aPhiladelphia :
_bElsevier Saunders ,
_c2006 .
300 _a3 v, (xxxii, 2547-3634p.)
_b: col. ill.
650 _a Endocrine diseases
_91220593
650 _a Endocrine glands
650 _a Endocrine glands
650 _a Endocrinology
650 _aMedicine
700 _aDegroot, Leslie J
_eeditor.
_91217935
700 _ajameson, J Larry
_eeditor.
_91217937
942 _hL6 M9;P6.3;1 RR
_cREF
_2CC
999 _c19519
_d19519